Random Geography Quiz - S _ _ _ _ _ _ - Statistics

General Stats
  • This quiz has been taken 1,576 times
  • The average score is 10 of 20
Answer Stats
Hint Answer % Correct
Easternmost country of mainland Africa Somalia
90%
Oceanian sovereign island country: _______ Islands Solomon
88%
Largest Indonesian island Sumatra
84%
One of the most well-known South Korean companies Samsung
82%
Identical twins with some body parts jointed to each other Siamese
82%
Geographical region in Russia where Novosibirsk is located Siberia
81%
Californian city shared its name with Costa Rican capital San Jose
75%
Language spoken in the African Great Lakes region Swahili
63%
Capital city of New Mexico, United States Santa Fe
59%
City where Boeing company was founded Seattle
57%
Demonym for the people from Slovenia Slovene
46%
Wales' second largest city Swansea
45%
Debutant national team which beat France in FIFA World Cup 2002 Senegal
38%
One of four Japanese main island Shikoku
29%
A province in Southwest China Sichuan
22%
One of football clubs in Moscow, Russia Spartak
22%
Malaysian state on Borneo Island Sarawak
15%
One of seven emirates of the United Arab Emirates Sharjah
15%
Largest ethnic group in Sri Lanka Sinhala
9%
Japanese Prefecture known for Crayon Shin-chan and Lucky Star Saitama
4%
No matching quizzes found
Score Distribution
Percent of People with Each Score
Percentile by Number Answered
Your Score History
You have not taken this quiz